[Event "Online Olym Div3 A 2020"]
[Site "chess.com INT"]
[Date "2020.07.07"]
[Round "1.1"]
[Board "1"]
[White "Tin, Jingyao"]
[Black "Villegas, Pierre"]
[Result "1/2-1/2"]
[WhiteTitle "IM"]
[BlackTitle "IM"]
[WhiteElo "2464"]
[BlackElo "2364"]
[WhiteTeam "Singapore"]
[BlackTeam "Monaco"]
[WhiteFideId "5804418"]
[BlackFideId "654183"]
[EventDate "2020.07.07"]
[EventType "team"]

1. d4 d5 2. c4 e6 3. Nc3 a6 4. cxd5 exd5 5. Nf3 c6 6. Bf4 Bd6 7. Bxd6 Qxd6 8. e3
Ne7 9. Bd3 Bf5 10. O-O O-O 11. Bxf5 Nxf5 12. Qb3 Qe7 13. Rac1 Nd6 14. Ne5 Nd7
15. Nxd7 Qxd7 16. Na4 Rae8 17. Nc5 Qe7 18. Qd3 f5 19. Qd2 Ne4 20. Nxe4 fxe4 1/2-1/2

[Event "Online Olym Div3 A 2020"]
[Site "chess.com INT"]
[Date "2020.07.07"]
[Round "1.1"]
[Board "2"]
[White "Efimov, Igor"]
[Black "Liu, Xiangyi"]
[Result "0-1"]
[WhiteTitle "GM"]
[BlackTitle "IM"]
[WhiteElo "2409"]
[BlackElo "2377"]
[WhiteTeam "Monaco"]
[BlackTeam "Singapore"]
[WhiteFideId "806404"]
[BlackFideId "8605718"]
[EventDate "2020.07.07"]
[EventType "team"]

1. d4 Nf6 2. Bg5 Ne4 3. Bf4 d5 4. e3 c6 5. Bd3 Nd6 6. Nd2 g6 7. Ngf3 Bg7 8. O-O
O-O 9. c4 f6 10. Qb3 Nf7 11. Bg3 b6 12. e4 dxe4 13. Nxe4 f5 14. Nc3 g5 15. Bxb8
Rxb8 16. Rad1 g4 17. Nh4 e6 18. g3 Ng5 19. d5 cxd5 20. cxd5 Bb7 21. Bc4 Kh8 22.
Rfe1 Nh3+ 23. Kg2 f4 24. Rxe6 fxg3 25. fxg3 b5 26. Bf1 Rf2+ 27. Kh1 b4 28. Ne4
Bxd5 29. Bxh3 Bxb3 30. Rxd8+ Rxd8 31. Nxf2 Bxe6 32. Bxg4 Bxg4 33. Nxg4 Rd1+ 34.
Kg2 Rd2+ 35. Kf3 Rxb2 36. Nf5 Rxa2 37. Nf2 Rxf2+ 38. Kxf2 b3 0-1

[Event "Online Olym Div3 A 2020"]
[Site "chess.com INT"]
[Date "2020.07.07"]
[Round "1.1"]
[Board "3"]
[White "Gong, Qianyun"]
[Black "Dornbusch, Tatiana"]
[Result "1/2-1/2"]
[WhiteTitle "WGM"]
[BlackTitle "WGM"]
[WhiteElo "2333"]
[BlackElo "2268"]
[WhiteTeam "Singapore"]
[BlackTeam "Monaco"]
[WhiteFideId "8602425"]
[BlackFideId "14107449"]
[EventDate "2020.07.07"]
[EventType "team"]

1. e4 e5 2. Nf3 Nc6 3. d4 exd4 4. Nxd4 Bc5 5. Nb3 Bb6 6. Nc3 Nf6 7. Qe2 d6 8.
Bg5 h6 9. Bh4 g5 10. Bg3 Qe7 11. O-O-O Be6 12. Qb5 O-O-O 13. Nd5 Bxd5 14. exd5
Ne5 15. Nd4 Ne4 16. Be2 Qd7 17. Qb3 f5 18. f3 Nc5 19. Qc3 f4 20. Bf2 Qa4 21. a3
a6 22. b4 Ncd7 23. Kb2 Kb8 24. Rhf1 Rc8 25. Rd2 Rhe8 26. Qb3 Qxb3+ 27. Kxb3 Nf6
28. c4 Bxd4 29. Bxd4 Rcd8 30. Bd1 Re7 31. Bc2 b5 32. cxb5 axb5 33. Bd3 Nxd5 34.
Bxb5 Ne3 35. Re1 Nd7 36. Rde2 c5 37. Bxe3 fxe3 38. Rxe3 Rxe3+ 39. Rxe3 cxb4 40.
axb4 Ne5 41. Re4 Rf8 42. Be2 Kc7 43. Rd4 Rb8 44. f4 Nc6 45. Re4 d5 46. Re3 Rxb4+
47. Ka3 Rxf4 48. Bf3 d4 49. Re6 Nd8 50. Rxh6 g4 51. Ba8 d3 52. Kb3 d2 53. Kc2
Rd4 54. Kd1 Kd7 55. Ra6 Ke7 56. Ra2 Ne6 57. Rxd2 Rxd2+ 58. Kxd2 Kf6 59. Ke3 Kg5
60. Bc6 Nf4 61. g3 Ne6 62. Bd7 Ng7 63. Ke4 Nh5 64. Ke5 Nf6 65. Be6 Nh5 66. Bd5
Nf6 67. Bc6 Nh5 68. Ke6 Ng7+ 69. Ke5 Nf5 70. Ke4 Nd6+ 71. Kd5 Nf5 72. Ke4 Nd6+
73. Ke5 Nf5 74. Ke4 1/2-1/2

[Event "Online Olym Div3 A 2020"]
[Site "chess.com INT"]
[Date "2020.07.07"]
[Round "1.1"]
[Board "4"]
[White "Dubois, Martine"]
[Black "Liu, Yang Hazel"]
[Result "0-1"]
[WhiteTitle "WIM"]
[BlackTitle "WFM"]
[WhiteElo "1802"]
[BlackElo "2046"]
[WhiteTeam "Monaco"]
[BlackTeam "Singapore"]
[WhiteFideId "601926"]
[BlackFideId "5800919"]
[EventDate "2020.07.07"]
[EventType "team"]

1. e4 c5 2. Nf3 Nc6 3. c3 Nf6 4. e5 Nd5 5. d4 cxd4 6. cxd4 d6 7. Nc3 dxe5 8.
dxe5 Nxc3 9. Qxd8+ Nxd8 10. bxc3 Bd7 11. Bb2 g6 12. Be2 Bg7 13. O-O O-O 14. c4
Nc6 15. Rfe1 Rfd8 16. h3 Bf5 17. g4 Be4 18. Ng5 Bd3 19. f4 h6 20. Nf3 Bxe2 21.
Rxe2 Rd3 22. Kf2 Rad8 23. Rc1 e6 24. Re3 R3d7 25. h4 Bf8 26. Ba3 Nb4 27. Bxb4
Bxb4 28. Rb3 Bc5+ 29. Ke2 b6 30. a4 a5 31. Rc2 Bb4 32. h5 gxh5 33. gxh5 Kh7 34.
Rc1 Rg8 35. Rg1 Rxg1 36. Nxg1 Rd2+ 37. Kf1 Rc2 38. Ne2 Rxc4 39. Rd3 Bc5 40. Rd7
Kg7 41. Ng3 Rxf4+ 42. Kg2 Rxa4 43. Kf3 Rd4 44. Ne4 Rxd7 0-1

[Event "Online Olym Div3 A 2020"]
[Site "chess.com INT"]
[Date "2020.07.07"]
[Round "1.1"]
[Board "5"]
[White "Lee, Qing Aun"]
[Black "Cuttoli, Alexandre"]
[Result "1-0"]
[WhiteTitle "FM"]
[WhiteElo "2262"]
[BlackElo "2044"]
[WhiteTeam "Singapore"]
[BlackTeam "Monaco"]
[WhiteFideId "5804167"]
[BlackFideId "36007293"]
[EventDate "2020.07.07"]
[EventType "team"]

1. e4 e5 2. Nf3 Nc6 3. Bb5 a6 4. Ba4 Nf6 5. O-O b5 6. Bb3 Bc5 7. c3 d6 8. d4 Bb6
9. Be3 Bg4 10. Nbd2 exd4 11. cxd4 Nxd4 12. Bxd4 Bxd4 13. Bxf7+ Kxf7 14. Qb3+ Kg6
15. Nxd4 Re8 16. h3 Bd7 17. Rfe1 c5 18. Nf5 Nxe4 19. Nxe4 Bxf5 20. Qg3+ Kf7 21.
Nxd6+ 1-0

[Event "Online Olym Div3 A 2020"]
[Site "chess.com INT"]
[Date "2020.07.07"]
[Round "1.1"]
[Board "6"]
[White "Lomandong, Noela-Joyce"]
[Black "Mak, Xiu Ning Charlene"]
[Result "1/2-1/2"]
[WhiteTitle "WFM"]
[WhiteElo "1946"]
[BlackElo "1667"]
[WhiteTeam "Monaco"]
[BlackTeam "Singapore"]
[WhiteFideId "5400384"]
[BlackFideId "5820332"]
[EventDate "2020.07.07"]
[EventType "team"]

1. g3 g6 2. Bg2 Bg7 3. Nc3 Nf6 4. d3 d6 5. e4 O-O 6. Nge2 e5 7. O-O Nbd7 8. h3
a6 9. Be3 c5 10. a4 Nb8 11. Qd2 Re8 12. Bh6 Bh8 13. Bg5 Qc7 14. f4 exf4 15. Nxf4
Nbd7 16. Kh1 Bg7 17. Nfd5 Nxd5 18. Nxd5 Qb8 19. Qf2 Rf8 20. c3 f6 21. Bf4 Ne5
22. Qe3 Be6 23. Bxe5 dxe5 24. c4 b6 25. Kh2 Qd6 26. a5 Bxd5 27. exd5 b5 28. b3
b4 29. Rf2 Rac8 30. Kh1 Rfe8 31. g4 Qc7 32. Be4 Qd6 33. Raf1 Rf8 34. Qg3 Qe7 35.
h4 Rcd8 36. Qh3 Qd7 37. Kh2 Rf7 38. h5 g5 39. Bf5 Qc7 40. Be4 h6 41. Qf3 Rff8
42. Qf5 Rf7 43. Qg6 Kf8 44. Qf5 Ke8 45. Qe6+ Qe7 46. Qxa6 Qd7 47. Qc6 Qxc6 48.
dxc6 Rc7 49. Ra1 Ra8 50. a6 Raa7 51. Bd5 Ke7 52. Re2 Kd6 53. Re4 Ra8 54. Kg3
Raa7 55. Kf3 Ra8 56. Re2 Raa7 57. Ke4 Bh8 58. Ra5 Rc8 59. Rea2 Rcc7 60. Rb5 Rc8
61. Rb7 Rc7 62. Rb8 Bg7 63. Ra5 Re7 64. Rb7 Bf8 65. Rbb5 Re8 66. Rxc5 Kc7 67.
Rcb5 Rea8 68. Rb7+ Kc8 69. Rxa7 Rxa7 70. Kf5 Kc7 71. Kxf6 Kd6 72. Kf5 Bg7 73.
Kg6 Bf8 74. Kf5 Bg7 75. Ke4 Bf8 76. Kf5 1/2-1/2

[Event "Online Olym Div3 A 2020"]
[Site "chess.com INT"]
[Date "2020.07.07"]
[Round "1.2"]
[Board "1"]
[White "Jessel, Stephen"]
[Black "Tran, Thanh Tu"]
[Result "0-1"]
[WhiteTitle "FM"]
[BlackTitle "CM"]
[WhiteElo "2297"]
[BlackElo "2346"]
[WhiteTeam "Ireland"]
[BlackTeam "Japan"]
[WhiteFideId "628859"]
[BlackFideId "12401404"]
[EventDate "2020.07.07"]
[EventType "team"]

1. Nf3 Nc6 2. e4 d6 3. d4 Nf6 4. Nc3 g6 5. h3 Bg7 6. Bb5 a6 7. Bxc6+ bxc6 8. O-O
O-O 9. Re1 Rb8 10. Rb1 Nd7 11. Ne2 e5 12. Bg5 Qe8 13. Qd2 c5 14. d5 f5 15. exf5
gxf5 16. Ng3 Nb6 17. b3 Qf7 18. Rbd1 f4 19. Ne4 Kh8 20. Kh2 Rg8 21. c4 Bf5 22.
Qe2 a5 23. Nh4 Bd7 24. Nf3 a4 25. Rg1 h6 26. Bh4 axb3 27. axb3 Bf5 28. Nfd2 Nd7
29. Rb1 Nf8 30. Rb2 Ng6 31. Qh5 Rbf8 32. f3 Nxh4 33. Qxh4 Qg6 34. Ra2 Ra8 35.
Rxa8 Rxa8 36. Qe7 Rc8 37. g4 fxg3+ 38. Rxg3 Bf8 39. Qh4 Qf7 40. Nf6 Bg7 41. Nde4
Bxe4 42. Nxe4 Ra8 43. Qg4 Rb8 44. Nd2 Qe7 45. Qg6 Rf8 46. Kg2 Rf6 47. Qg4 Rf4
48. Qc8+ Rf8 49. Qg4 Rb8 50. Qg6 Ra8 51. h4 Ra2 52. Qd3 Qxh4 53. Kf2 Qf4 54. Qg6
Qxd2+ 55. Kg1 Ra1+ 0-1

[Event "Online Olym Div3 A 2020"]
[Site "chess.com INT"]
[Date "2020.07.07"]
[Round "1.2"]
[Board "2"]
[White "Watanabe, Akira"]
[Black "Venkatesan, Kavin"]
[Result "0-1"]
[WhiteTitle "FM"]
[WhiteElo "2284"]
[BlackElo "1946"]
[WhiteTeam "Japan"]
[BlackTeam "Ireland"]
[WhiteFideId "7000227"]
[BlackFideId "2512602"]
[EventDate "2020.07.07"]
[EventType "team"]

1. d4 Nf6 2. c4 e6 3. Nc3 Bb4 4. e3 d5 5. Bd3 O-O 6. Ne2 b6 7. cxd5 exd5 8. a3
Bd6 9. O-O Bxh2+ 10. Kxh2 Ng4+ 11. Kg3 f5 12. f3 Qd6+ 13. Nf4 Nf6 14. Kf2 g5 15.
Nfe2 Ne4+ 16. Kg1 Nxc3 17. Nxc3 Ba6 18. Bxa6 Nxa6 19. Qd3 Nb8 20. Bd2 Nc6 21.
Qb5 Rad8 22. Rad1 Kh8 23. f4 gxf4 24. Rxf4 Rg8 25. Rdf1 Rg3 26. Ne2 Rg7 27. Rxf5
Rdg8 28. R1f2 Ne7 29. Rf6 Rxg2+ 30. Rxg2 Rxg2+ 31. Kxg2 Qxf6 32. Qe8+ Kg7 33.
Qh5 Ng6 34. Ng3 c6 35. Qf5 Nh4+ 0-1

[Event "Online Olym Div3 A 2020"]
[Site "chess.com INT"]
[Date "2020.07.07"]
[Round "1.2"]
[Board "3"]
[White "Kanyamarala, Trisha"]
[Black "Sakai, Azumi"]
[Result "1-0"]
[WhiteTitle "WIM"]
[BlackTitle "WCM"]
[WhiteElo "2193"]
[BlackElo "1731"]
[WhiteTeam "Ireland"]
[BlackTeam "Japan"]
[WhiteFideId "45004722"]
[BlackFideId "7001800"]
[EventDate "2020.07.07"]
[EventType "team"]

1. c4 e6 2. Nc3 d5 3. e3 c6 4. b3 f5 5. Bb2 Nf6 6. Nf3 Bd6 7. Be2 O-O 8. O-O
Nbd7 9. Rc1 Qe8 10. d3 a6 11. d4 Ne4 12. Ne5 Ndf6 13. f3 Nxc3 14. Bxc3 Bd7 15.
Qc2 Rc8 16. Qd2 Qe7 17. Bd3 Be8 18. Rce1 c5 19. Kh1 Kh8 20. Qf2 Bxe5 21. dxe5
Nd7 22. cxd5 exd5 23. f4 Bg6 24. Be2 b5 25. Bf3 Nb6 26. Ba5 Qc7 27. Bxd5 Qd7 28.
Bf3 Qa7 29. Rc1 Nd7 30. Rfd1 Nb8 31. Be1 Nc6 32. Bd5 Nb4 33. Bf3 Nxa2 34. Qxa2
Bf7 35. Bf2 a5 36. Qb2 Qa6 37. Be2 Qb7 38. Bf3 Qa6 39. Rd6 Qa7 40. Rcd1 h6 41.
e6 Bg6 42. e7 Qxe7 43. Rxg6 Kh7 44. Rgd6 c4 45. bxc4 bxc4 46. Qc3 Rg8 47. Rd7
Qb4 48. Qc2 a4 49. Qxf5+ Kh8 50. Be4 g6 51. Qf6+ 1-0

[Event "Online Olym Div3 A 2020"]
[Site "chess.com INT"]
[Date "2020.07.07"]
[Round "1.2"]
[Board "4"]
[White "Hoshino, Karen"]
[Black "O'Gorman, Alice"]
[Result "0-1"]
[WhiteTitle "WFM"]
[WhiteElo "1836"]
[BlackElo "1904"]
[WhiteTeam "Japan"]
[BlackTeam "Ireland"]
[WhiteFideId "2137984"]
[BlackFideId "2508214"]
[EventDate "2020.07.07"]
[EventType "team"]

1. d4 d5 2. c4 e6 3. Nc3 c6 4. e3 Nf6 5. Nf3 Nbd7 6. Bd3 dxc4 7. Bxc4 b5 8. Bd3
Bb7 9. e4 b4 10. e5 bxc3 11. exf6 Nxf6 12. bxc3 Be7 13. O-O O-O 14. Bc2 c5 15.
Be3 Qc7 16. Ne5 cxd4 17. cxd4 Bd6 18. Rc1 Qb8 19. Ng4 Nd5 20. Qd3 f5 21. Ne5
Bxe5 22. dxe5 Qxe5 23. Bd4 Qd6 24. Qg3 Qxg3 25. hxg3 Rfe8 26. Rfe1 Nb4 27. Be5
Nc6 28. Ba4 Nxe5 29. Bxe8 Nd3 30. Bd7 Bd5 31. a4 Nxe1 32. Rxe1 Kf7 33. Rc1 Rb8
34. Bb5 Rb7 35. Rc8 e5 36. f3 Re7 37. Kf2 e4 38. Bc4 Bxc4 39. Rxc4 Kf6 40. Rc5
g5 41. f4 h6 42. Ke3 Rd7 43. Rc6+ Kg7 44. Rc3 Kg6 45. a5 Rd5 46. a6 Rd6 47. Ra3
Kh5 48. Ke2 Kg4 49. fxg5 hxg5 50. Kf2 Rd2+ 51. Kf1 Rd3 52. Ra2 Kxg3 53. Rb2 Ra3
54. Rb5 Kf4 55. Kf2 Ra2+ 56. Kf1 Rxa6 57. Rb3 Rd6 58. Ra3 a6 59. Ke2 Kg4 60. Ke1
f4 61. Ke2 e3 62. Ra5 Rb6 63. Ra2 Kg3 64. Kd3 Rd6+ 65. Ke4 Rd2 66. Rxa6 e2 67.
Ra1 Rd1 68. Ra3+ Kxg2 69. Ra2 Kf1 70. Kf3 e1=Q 71. Rh2 Qg3+ 0-1

[Event "Online Olym Div3 A 2020"]
[Site "chess.com INT"]
[Date "2020.07.07"]
[Round "1.2"]
[Board "5"]
[White "Kanyamarala, Tarun"]
[Black "Nakahara, Kan"]
[Result "1-0"]
[WhiteTitle "FM"]
[BlackTitle "CM"]
[WhiteElo "2381"]
[BlackElo "2095"]
[WhiteTeam "Ireland"]
[BlackTeam "Japan"]
[WhiteFideId "45004714"]
[BlackFideId "7002556"]
[EventDate "2020.07.07"]
[EventType "team"]

1. Nf3 Nf6 2. g3 d5 3. c4 e6 4. Bg2 Be7 5. O-O O-O 6. b3 b6 7. Bb2 Bb7 8. e3
Nbd7 9. Nc3 Rc8 10. Ne1 c6 11. f4 Ba6 12. Qe2 Nc5 13. d3 d4 14. exd4 Qxd4+ 15.
Kh1 Qd7 16. d4 Nb7 17. Nd3 c5 18. Ne5 Qc7 19. d5 exd5 20. Nxd5 Nxd5 21. Bxd5 Bf6
22. g4 Nd8 23. g5 Be7 24. g6 Bb7 25. gxh7+ Kxh7 26. Qh5+ Kg8 27. Rg1 Bxd5+ 28.
cxd5 Bf6 29. Qh6 Qd6 30. Rxg7+ Bxg7 31. Qxd6 1-0

[Event "Online Olym Div3 A 2020"]
[Site "chess.com INT"]
[Date "2020.07.07"]
[Round "1.2"]
[Board "6"]
[White "Hoshino, Meilin"]
[Black "Mirza, Diana"]
[Result "0-1"]
[WhiteTitle "WCM"]
[BlackTitle "WFM"]
[WhiteElo "1591"]
[BlackElo "1939"]
[WhiteTeam "Japan"]
[BlackTeam "Ireland"]
[WhiteFideId "7001690"]
[BlackFideId "2503999"]
[EventDate "2020.07.07"]
[EventType "team"]

1. d4 Nf6 2. c4 e6 3. Nc3 b6 4. e4 Bb4 5. Qc2 Bb7 6. Bd3 c5 7. dxc5 bxc5 8. Bd2
Nc6 9. Nf3 Qc7 10. a3 Ba5 11. O-O O-O 12. Rfe1 Nd4 13. Nxd4 cxd4 14. Nb5 Qd8 15.
Nxd4 Bxd2 16. Qxd2 Qb6 17. Nf3 d5 18. cxd5 exd5 19. e5 Ne4 20. Qe2 f5 21. Rac1
Rae8 22. Rc2 g5 23. Bxe4 fxe4 24. Nxg5 Rxe5 25. Qh5 h6 26. Rec1 Rxg5 27. Qh4 Qg6
28. Qh3 Qf6 29. Qe3 d4 30. Qe1 Qg6 31. Qf1 e3 32. f3 Bxf3 33. g3 Bd5 34. Qe1 Qe4
35. b4 Qh1# 0-1

[Event "Online Olym Div3 A 2020"]
[Site "chess.com INT"]
[Date "2020.07.07"]
[Round "1.3"]
[Board "1"]
[White "Hamad, Ahmad"]
[Black "Kwon, Sehyun"]
[Result "0-1"]
[WhiteTitle "FM"]
[BlackTitle "CM"]
[WhiteElo "2207"]
[BlackElo "2194"]
[WhiteTeam "Syria"]
[BlackTeam "South Korea"]
[WhiteFideId "7600364"]
[BlackFideId "13203088"]
[EventDate "2020.07.07"]
[EventType "team"]

1. b3 e5 2. Bb2 Nc6 3. e3 Nf6 4. h3 d5 5. Bb5 Bd6 6. Nf3 Qe7 7. d4 exd4 8. Qxd4
O-O 9. Bxc6 bxc6 10. Qh4 Ne4 11. Qxe7 Bxe7 12. O-O a5 13. Rc1 a4 14. c4 Nc5 15.
Rd1 axb3 16. cxd5 Na4 17. axb3 Nxb2 18. Rxa8 Nxd1 19. dxc6 Bf5 20. Ra1 Bf6 21.
Nd4 Bxd4 22. exd4 Bxb1 23. Rxb1 Nc3 24. Re1 Nd5 25. Re5 Rd8 26. b4 Nxb4 27. Re7
Nxc6 28. Rxc7 Nxd4 29. g4 Ne6 30. Ra7 g5 31. Ra5 Rd3 32. Kh2 Kg7 33. h4 gxh4 34.
Rh5 h3 35. Rf5 h6 36. f4 Rf3 37. g5 h5 38. Rf6 Nxf4 39. Ra6 Ne6 40. Ra1 Nxg5 41.
Rg1 f6 42. Kh1 Kh6 43. Ra1 Rf2 44. Ra8 Kg6 45. Ra4 Re2 46. Rb4 Ne4 47. Rb3 h4
48. Rf3 Ng3+ 0-1

[Event "Online Olym Div3 A 2020"]
[Site "chess.com INT"]
[Date "2020.07.07"]
[Round "1.3"]
[Board "2"]
[White "Nam, Kanghyeon"]
[Black "Hilwani, Talal"]
[Result "0-1"]
[WhiteElo "1596"]
[BlackElo "2274"]
[WhiteTeam "South Korea"]
[BlackTeam "Syria"]
[WhiteFideId "13208810"]
[BlackFideId "7600410"]
[EventDate "2020.07.07"]
[EventType "team"]

1. e4 c5 2. Nf3 d6 3. c3 Nf6 4. Bd3 Nc6 5. Bc2 d5 6. e5 Nd7 7. d4 e6 8. O-O Be7
9. Re1 Nf8 10. a3 c4 11. Nbd2 Bd7 12. b4 cxb3 13. Bxb3 Na5 14. Bc2 Rc8 15. Bb2
Bb5 16. Nf1 Bxf1 17. Kxf1 Nc4 18. Bc1 Nd7 19. Qd3 h6 20. Kg1 Qc7 21. h3 a6 22.
Ra2 Na5 23. Bd2 Qc4 24. Raa1 Qxd3 25. Bxd3 Rc7 26. Bc2 Nc4 27. Bc1 O-O 28. Bd3
Na5 29. Bb2 Nb6 30. Bc2 Nbc4 31. Bc1 Rfc8 32. Kf1 Bf8 33. Kg1 Be7 34. Kf1 Kf8
35. Kg1 Rc6 36. Kf1 Rb6 37. Kg1 Nb3 38. Rb1 Nxc1 39. Rexc1 Rxb1 40. Bxb1 Bxa3
41. Rc2 Be7 42. Ba2 Na3 43. Rc1 Bb4 44. c4 Nxc4 45. g4 b5 46. h4 a5 47. Nh2 Ke7
48. f4 Kd7 49. g5 Bd2 50. Rc2 Bxf4 51. Nf3 hxg5 52. Nxg5 Bxg5 53. hxg5 a4 54.
Kf2 b4 55. Bb1 b3 56. Rc3 Rb8 0-1

[Event "Online Olym Div3 A 2020"]
[Site "chess.com INT"]
[Date "2020.07.07"]
[Round "1.3"]
[Board "3"]
[White "Mahmoud, Roula"]
[Black "Seo, Jiwon"]
[Result "1-0"]
[WhiteTitle "WFM"]
[WhiteElo "1771"]
[BlackElo "1407"]
[WhiteTeam "Syria"]
[BlackTeam "South Korea"]
[WhiteFideId "7601263"]
[BlackFideId "13208969"]
[EventDate "2020.07.07"]
[EventType "team"]

1. e4 c6 2. Nf3 d5 3. exd5 cxd5 4. d4 Nc6 5. Bd3 Nf6 6. O-O Bg4 7. h3 Bh5 8. c3
e6 9. Bf4 Bd6 10. Bxd6 Qxd6 11. Nbd2 O-O 12. Qc2 e5 13. dxe5 Nxe5 14. Nxe5 Qxe5
15. Rae1 Qg5 16. Re3 Bg6 17. Rg3 Qh5 18. Nf3 Ne4 19. Rg4 Rad8 20. Re1 Rfe8 21.
Rh4 Qf5 22. Nd4 Qf6 23. Rg4 h5 24. Rxg6 Qxg6 25. f3 Qg3 26. Re2 Nf6 27. Nf5 Qg5
28. Kf2 g6 29. h4 Qf4 30. g3 Ng4+ 31. Kg2 Rxe2+ 32. Qxe2 Qc7 33. fxg4 gxf5 34.
gxf5 d4 35. Qxh5 dxc3 36. Qg5+ Kf8 37. Qh6+ Kg8 38. f6 Qc6+ 39. Kh2 Qxf6 40.
Bh7+ Kh8 41. Qxf6+ Kxh7 42. Qxd8 c2 43. Qd3+ Kg7 44. Qxc2 b6 45. Kh3 a5 46. Kg4
f6 47. Kf5 b5 48. Qc7+ Kh6 49. Qf7 b4 50. Qg6# 1-0

[Event "Online Olym Div3 A 2020"]
[Site "chess.com INT"]
[Date "2020.07.07"]
[Round "1.3"]
[Board "4"]
[White "Kim, Taegyeong"]
[Black "Yazji, Mada"]
[Result "1/2-1/2"]
[WhiteTitle "WCM"]
[WhiteElo "1523"]
[BlackElo "1704"]
[WhiteTeam "South Korea"]
[BlackTeam "Syria"]
[WhiteFideId "13200976"]
[BlackFideId "7602065"]
[EventDate "2020.07.07"]
[EventType "team"]

1. d4 d5 2. c4 e6 3. Nc3 c6 4. Nf3 Nf6 5. Bg5 Nbd7 6. e3 Be7 7. Qc2 O-O 8. Bd3
dxc4 9. Bxc4 b5 10. Bd3 a6 11. O-O c5 12. dxc5 h6 13. Bxf6 Nxf6 14. b4 Bb7 15.
Be2 Qc7 16. Rfd1 Bc6 17. Nd4 Bb7 18. Bf3 Bxf3 19. Nxf3 Rfd8 20. Rxd8+ Rxd8 21.
Rd1 Ra8 22. Ne4 Nd5 23. Qb3 a5 24. a3 axb4 25. axb4 Ra4 26. Rd4 Ra1+ 27. Rd1 Ra4
28. Rd4 Ra1+ 29. Rd1 Ra4 1/2-1/2

[Event "Online Olym Div3 A 2020"]
[Site "chess.com INT"]
[Date "2020.07.07"]
[Round "1.3"]
[Board "5"]
[White "Koniahli, Malek."]
[Black "Noh, Jinwoo"]
[Result "1-0"]
[WhiteTitle "FM"]
[WhiteElo "2261"]
[BlackElo "1476"]
[WhiteTeam "Syria"]
[BlackTeam "South Korea"]
[WhiteFideId "7603495"]
[BlackFideId "13211307"]
[EventDate "2020.07.07"]
[EventType "team"]

1. d4 Nf6 2. Nf3 d5 3. Bf4 Bf5 4. e3 e6 5. Nbd2 Bd6 6. Bg3 O-O 7. c4 c6 8. Qb3
b6 9. Ne5 Bxe5 10. Bxe5 Nbd7 11. Bg3 Re8 12. Be2 Ne4 13. Nxe4 Bxe4 14. O-O Qg5
15. Rac1 Nf6 16. cxd5 cxd5 17. Rc7 h5 18. f3 Bf5 19. Rfc1 h4 20. Bf4 Qg6 21. Qd1
Nh5 22. Be5 f6 23. Bd6 Qh6 24. Kf2 Rad8 25. R1c6 Qg6 26. Rxa7 e5 27. dxe5 fxe5
28. Qxd5+ Kh8 29. Rxb6 e4 30. fxe4 Bxe4 31. Qxh5+ Qxh5 32. Bxh5 Re6 33. Bc5 Rxb6
34. Bxb6 Rd2+ 35. Ke1 Rxb2 36. Bd4 Rxg2 37. Rxg7 Rxg7 38. a4 Kh7 39. Bxg7 Kxg7
40. a5 Kf6 41. Kf2 Ke5 42. a6 Kd6 43. a7 Kc7 44. Bf3 Bxf3 45. Kxf3 Kb7 46. Ke4
Kxa7 47. Kd5 Kb8 48. e4 Kc8 49. Kd6 Kd8 50. e5 Ke8 51. Ke6 h3 52. Kf6 Kf8 53. e6
Ke8 54. e7 1-0

[Event "Online Olym Div3 A 2020"]
[Site "chess.com INT"]
[Date "2020.07.07"]
[Round "1.3"]
[Board "6"]
[White "Khanyl, Chuluuntuya"]
[Black "Khalil, Manar"]
[Result "0-1"]
[WhiteElo "1428"]
[BlackElo "1793"]
[WhiteTeam "South Korea"]
[BlackTeam "Syria"]
[WhiteFideId "4907485"]
[BlackFideId "7604661"]
[EventDate "2020.07.07"]
[EventType "team"]

1. d4 d5 2. Nf3 Nf6 3. c4 dxc4 4. e3 e6 5. Bxc4 a6 6. Nc3 b5 7. Bd3 Bb7 8. O-O
Nbd7 9. Re1 c5 10. Bc2 Bd6 11. dxc5 Nxc5 12. b4 Nce4 13. Nxe4 Nxe4 14. Bxe4 Bxe4
15. Qd4 Bxf3 16. Qxg7 Rf8 17. gxf3 Qh4 18. f4 Ke7 19. Qg5+ Qxg5+ 20. fxg5 Bxb4
21. Rd1 Bc3 22. Rb1 Rfd8 23. Ba3+ Ke8 24. Rxd8+ Rxd8 25. Rc1 b4 26. Bxb4 Bxb4
27. Rc4 a5 28. Rh4 Ke7 29. Rxh7 Rg8 30. f4 Bc3 31. a4 Rh8 32. Rxh8 Bxh8 33. h4
Kd6 34. h5 Kd5 35. Kf2 Ke4 36. Ke2 e5 37. fxe5 Kxe5 38. g6 fxg6 39. hxg6 Kf5 40.
Kd3 Kxg6 41. Kc4 Kf5 42. Kb5 Bc3 43. Kc4 Bb4 44. Kd4 Ke6 45. e4 Kd6 46. e5+ Ke6
47. Ke4 Bc3 48. Kd3 Bxe5 49. Kc4 Kd6 50. Kb5 Bc3 51. Kb6 Kd5 52. Kb5 Bb4 53. Kb6
Kc4 54. Kc6 Kb3 55. Kb5 Bc3 56. Kb6 Kxa4 57. Ka6 Kb3 58. Kb5 a4 59. Kc5 a3 60.
Kd5 a2 61. Ke4 a1=Q 0-1

[Event "Online Olym Div3 A 2020"]
[Site "chess.com INT"]
[Date "2020.07.07"]
[Round "1.4"]
[Board "1"]
[White "Deng, Yu Dong Michael"]
[Black "Ker, Anthony F"]
[Result "0-1"]
[WhiteTitle "CM"]
[BlackTitle "IM"]
[WhiteElo "2138"]
[BlackElo "2298"]
[WhiteTeam "Hong Kong"]
[BlackTeam "New Zealand"]
[WhiteFideId "6002420"]
[BlackFideId "4300084"]
[EventDate "2020.07.07"]
[EventType "team"]

1. d4 Nf6 2. c4 e6 3. Nf3 Bb4+ 4. Bd2 Qe7 5. g3 b6 6. Bg2 Bb7 7. O-O Bxd2 8.
Qxd2 c5 9. Nc3 cxd4 10. Nxd4 Bxg2 11. Kxg2 O-O 12. e4 Nc6 13. Nxc6 dxc6 14. Rad1
Rfd8 15. Qc2 e5 16. a3 Rd4 17. Ne2 Rxd1 18. Rxd1 Rd8 19. Rxd8+ Qxd8 20. Qc3 Qd6
21. f3 Nd7 22. Qc2 Nc5 23. Nc3 Ne6 24. Qd1 Qd4 25. Qxd4 exd4 26. Nd1 Kf8 27. Kf2
Ke7 28. Ke2 Kd6 29. Nf2 a6 30. Nd3 f6 31. f4 c5 32. Kf3 b5 33. b3 g6 34. g4 Nd8
35. e5+ fxe5 36. fxe5+ Kc6 37. Ke4 Ne6 38. h4 Nd8 39. Nf4 Nb7 40. h5 gxh5 41.
Nxh5 Na5 42. Nf6 Nxb3 43. Nxh7 Nd2+ 44. Kd3 Nxc4 45. Ke4 Nb2 46. Ng5 d3 47. Nf3
c4 48. g5 Kd7 49. g6 Ke7 50. Ke3 c3 51. Ne1 d2 0-1

[Event "Online Olym Div3 A 2020"]
[Site "chess.com INT"]
[Date "2020.07.07"]
[Round "1.4"]
[Board "2"]
[White "Duneas, John"]
[Black "Lau, Lut Yin Luke"]
[Result "0-1"]
[WhiteTitle "FM"]
[WhiteElo "2147"]
[BlackElo "1991"]
[WhiteTeam "New Zealand"]
[BlackTeam "Hong Kong"]
[WhiteFideId "4302052"]
[BlackFideId "6002226"]
[EventDate "2020.07.07"]
[EventType "team"]

1. d4 Nf6 2. c4 c5 3. d5 b5 4. cxb5 a6 5. b6 Qxb6 6. Nc3 g6 7. e4 d6 8. Nf3 Bg4
9. Be2 Bxf3 10. Bxf3 Nbd7 11. O-O Bg7 12. Be2 O-O 13. Qc2 Rfb8 14. Rb1 Ne8 15.
Na4 Qd8 16. Bd2 Nc7 17. Bc3 Nf6 18. Ba5 Rb7 19. b3 Qe8 20. Nb6 Rab8 21. Nc4 Nb5
22. Bd3 Ng4 23. h3 Ne5 24. Nxe5 Bxe5 25. Qd2 Ra7 26. Rfc1 Na3 27. Rb2 Bxb2 28.
Qxb2 Nb5 29. Qd2 Qf8 30. Re1 Qg7 31. Bxb5 axb5 32. Bc3 f6 33. f4 Rba8 34. Ra1 b4
35. Bb2 Rxa2 36. Rxa2 Rxa2 37. e5 fxe5 38. fxe5 Qxe5 0-1